| 000 | 00591nam a2200193 a 4500 | ||
|---|---|---|---|
| 005 | 20240425063958.0 | ||
| 008 | 991125s1965 bue 000 0 spa u | ||
| 035 | _aUPN01000015498 | ||
| 049 | _aCG | ||
| 050 | 4 |
_aLB1025 _bG8.34 1965 |
|
| 100 | 1 |
_aGuillén de Rezzano, Clotilde, _d1880-1951 _928888 |
|
| 245 | 1 | 0 |
_aDidáctica general / _cClotilde Guillén de Rezzano. |
| 250 | _a12a ed. | ||
| 260 |
_aBuenos Aires : _bKapelusz, _c1965. |
||
| 300 | _a211 p. | ||
| 500 | _a"De acuerdo con el programa de cuarto año del ciclo del magisterio" | ||
| 650 | 4 |
_aEnseñanza _96215 |
|
| 905 | _aLibro | ||
| 999 |
_c15498 _d15498 |
||